| 000 | 00394cam a2200169ua 4500 | ||
|---|---|---|---|
| 020 | _c2.25 | ||
| 041 |
_amal _h |
||
| 082 |
_a894.812308 _bFAU/UD |
||
| 100 | _aFouka, Lamoti. | ||
| 245 |
_aUdina / _cLamoti Fouka. _hTextual Documents |
||
| 260 |
_aKottayam : _bNational Book Stall , _c1960. |
||
| 300 | _a184 ; . | ||
| 365 | _a2.25 | ||
| 504 | _a | ||
| 942 | _cBK | ||
| 999 |
_c6080 _d6080 |
||